Edad de Oro III (Record no. 168745)

MARC details
000 -LEADER
campo de control de longitud fija 01019nam a2200217 i 4500
001 - NÚMERO DE CONTROL
campo de control 168745
003 - IDENTIFICADOR DE NÚMERO DE CONTROL
campo de control ES-MaACL
005 - FECHA Y HORA DE LA ÚLTIMA TRANSACCIÓN
campo de control 20251220173918.0
008 - DATOS DE LONGITUD FIJA--INFORMACIÓN GENERAL
campo de control de longitud fija 080529s1984 sp |||| | spa d
020 ## - NÚMERO INTERNACIONAL ESTÁNDAR DEL LIBRO
Número Internacional Estándar del Libro 84-7477-005-X
080 ## - NÚMERO DE LA CLASIFICACIÓN DECIMAL UNIVERSAL
Número de la Clasificación Decimal Universal 821.134.2.09"15/16"(063)
111 2# - ENTRADA PRINCIPAL--NOMBRE DE CONGRESO/REUNIÓN
Nombre de congreso/reunión o jurisdicción como elemento de entrada Seminario Internacional sobre Literatura Española y Edad de Oro
Número del congreso/reunión o número de parte o sección (3º.
Fecha del congreso o de la firma del tratado 1983.
Sede del congreso/Lugar de la reunión Madrid)
9 (RLIN) 137831
245 10 - MENCIÓN DEL TÍTULO
Título Edad de Oro III
Resto del título : [III edición del Seminario sobre Literatura Española y Edad de Oro, celebrado en Madrid, del 2 al 7 de mayo de 1984].
260 ## - PUBLICACIÓN, DISTRIBUCIÓN, ETC.
Lugar de publicación, distribución, etc. Madrid :
Nombre del editor, distribuidor, etc. Universidad Autónoma, Departamento de Literatura Española,
Fecha de publicación, distribución, etc. [1984]
300 ## - DESCRIPCIÓN FÍSICA
Extensión 309 p. ;
Dimensiones 24 cm.
500 ## - NOTA GENERAL
Nota general Selección de ponencias del tercer seminario internacional Literatura española y edad de oro, Madrid, 1983.
650 04 - PUNTO DE ACCESO ADICIONAL DE MATERIA--TÉRMINO DE MATERIA
Término de materia o nombre geográfico como elemento de entrada Literatura española-
Subdivisión cronológica S.XVI-XVII-
Subdivisión de forma Congresos y asambleas.
9 (RLIN) 14569
710 0# - ENTRADA AGREGADA--NOMBRE DE ENTIDAD CORPORATIVA
Nombre de entidad corporativa o nombre de jurisdicción como elemento de entrada Universidad Autónoma de Madrid.
Unidad subordinada Departamento de Literatura Española.
9 (RLIN) 7068
852 ## - LOCALIZACIÓN
Ubicación ES-MaACL
Número de control de estantería P-1628-3
Holdings
Estatus retirado Estado de pérdida Estado de daño No para préstamo Biblioteca de origen Biblioteca actual Ubicación en estantería Fecha de adquisición Fuente de adquisición Total de préstamos Signatura topográfica completa Código de barras Visto por última vez Fecha del último préstamo Precio de reemplazo Tipo de ítem Koha
        Biblioteca del Ateneo de Madrid Biblioteca del Ateneo de Madrid Depósito 2 29/05/2008   1 P-1628-3 1177083 15/10/2025 14/10/2025 23/02/2023 Libro impreso